000 00979nac a22003377a 4500
001 BR8006631
003 BR-BrBNA
005 20240105114829.0
008 230509b bl.|||m| |||| 00| 0 por d
040 _aBR-BrBNA
_bpor
_cBiblioteca Nacional de Agricultura
072 _aL36
090 _a5300 BR8006631
100 1 _aPacheco, C.R.V.M.
110 1 _aCentro Nacional de Pesquisa de Suinos e Aves, Concordia, SC (Brasil)
245 1 _aUso de aditivos na alimentacao de suinos
260 3 _aConcordia, SC (Brasil):
_c1980.
300 _a18 p.
490 _aMiscelanea - Centro Nacional de Pesquisa de Suinos e Aves (Brazil)
_vno. 3
_x
500 _a35 ref.
650 _aSUINO
650 _aNUTRICAO ANIMAL
650 _aRACAO
650 _aADITIVO
650 _aANTIAGLUTINANTE
650 _aPRESERVATIVO
650 _aANTIOXIDANTE
650 _aENZIMA
650 _aHORMONIO
909 _a202312
_bLúcia Elande
_c55
_dLúcia Elande
942 _2AGRIS
_n0
_cMS
999 _c271550
_d271550